|
|
|
|
| LEADER |
00923nam a22002537a 4500 |
| 001 |
AAL7488 |
| 003 |
BD-DhAAL |
| 005 |
20160724102026.0 |
| 008 |
160724s 2008bg ||||| |||| 00| 0 ben d |
| 020 |
|
|
|a 9847009300400
|
| 040 |
|
|
|a BD-DhAAL
|c BD-DhAAL
|
| 082 |
|
|
|a 922.943
|
| 100 |
|
|
|a আলি, একরাম
|9 20151
|
| 245 |
|
|
|a অতীশ দীপংকর
|c একরাম আলি
|
| 250 |
|
|
|a প্রথম প্রকাশ
|
| 260 |
|
|
|a ঢাকা :
|b নালন্দ,
|c ২০০৮
|
| 300 |
|
|
|a ৪৭ পৃ. ;
|c ২২ সে.মি.
|
| 490 |
|
|
|a জীবনী গ্রন্থ
|
| 541 |
|
|
|e 7488
|
| 650 |
|
|
|a Biography
|9 20152
|
| 852 |
|
|
|a Savar Campus Library
|c General Shelf
|
| 942 |
|
|
|2 ddc
|c BK
|
| 999 |
|
|
|c 37718
|d 37718
|
| 952 |
|
|
|0 0
|1 0
|2 ddc
|4 0
|6 922_943000000000000_ALI
|7 0
|9 59419
|a SCL
|b SCL
|c GEN
|d 2016-07-24
|g 60.00
|l 1
|m 10
|o 922.943 ALI
|p 3020007488
|r 2018-10-29
|s 2018-09-20
|t 1
|w 2016-07-24
|y BK
|